00470nmm a2200157Ia 4500008004100000020001800041041000800059100002000067245003100087264008000118300001600198650002300214856005100237942000700288999001700295251105s9999||||xx |||||||||||||||||und|| a9788467173116 aspa aCornick, Nicola 0aEl rumor de un escándalo a[Madrid, España] :bHarlequin, c[Fecha de publicación no identificada] a0 páginas aHistorical fiction uhttps://public.digitaliapublishing.com/a/95965 cCF c83553d83553